| 000 | 00933nam a2200229 i 4500 | ||
|---|---|---|---|
| 001 | 117641 | ||
| 003 | ES-MaACL | ||
| 005 | 20230906190937.0 | ||
| 007 | t| | ||
| 008 | 070214s1964 sp r ||||1| spa d | ||
| 100 | 1 |
_aPeraza Oramas, César. _990403 |
|
| 245 | 1 | 0 |
_aEstudio de las maderas de coníferas españolas y de la zona norte de Marruecos / _cCésar Peraza Oramas. |
| 260 |
_aMadrid : _bInstituto Forestal de Investigaciones y Experiencias, _c1964. |
||
| 300 |
_a112 p., [4] h. pleg. de tab : _bil. ; _c24 cm. |
||
| 490 | 1 |
_aInstituto Forestal de Investigaciones y Experiencias ; _vAño XXXV nº 83 |
|
| 650 | 4 |
_aConíferas- _zEspaña. _9149865 |
|
| 710 | 2 |
_aInstituto Forestal de Investigaciones y Experiencias. _95059 |
|
| 830 | 0 |
_aInstituto Forestal de Investigaciones y Experiencias ; _vAño XXXV nº 83 _9181435 |
|
| 852 |
_aES-MaACL _jC-26338 _bR.54806 |
||
| 852 |
_aES-MaACL _jP-569-Bis-68 |
||
| 999 |
_c117641 _d117641 |
||